Xarxa d'Oficines Tècniques Laborals
Descripción Física:
31 pàgines : il·lustracions ; 21 cm
Idioma:
Catalán
MARC
| LEADER | 00000nam a22000007a 4500 | ||
|---|---|---|---|
| 001 | 25473 | ||
| 008 | 220512b spa||||| |||| 00| 0 cat d | ||
| 017 | |a DL B 4796-2015 | ||
| 080 | |a FU-68-78 | ||
| 245 | |a Xarxa d'Oficines Tècniques Laborals | ||
| 260 | |a Barcelona : |b Diputació de Barcelona, |c 2015 | ||
| 300 | |a 31 pàgines : |b il·lustracions ; |c 21 cm | ||
| 650 | 0 | |9 43130 |a Salut en el treball | |
| 650 | 0 | |9 45812 |a Salut en el treball |x Manuals, guies, etc. | |
| 710 | |a Barcelona (Catalunya : Província). |b Servei de Mercat de Treball |9 52905 | ||
| 942 | |2 udc |n 1 |c ARXIU | ||
| 952 | |0 0 |1 0 |4 0 |6 FU6878 |7 1 |9 61658 |a Arxiu |b Arxiu |d 2022-05-12 |l 0 |o FU-68-78 |p 25473 |r 2022-05-12 00:00:00 |w 2022-05-12 |y ARXIU | ||
| 999 | |c 81552 |d 81552 | ||